000
00279nam a22001097a 4500
008
170112b xxu||||| |||| 00| 0 eng d
020
_a
9780781744775
041
_a
eng
080
_a
618.2
245
_a
EVIDENCE-BASED PRACTICE IN NURSING & HEALTHCARE
_c
MELNYK, B.M
942
_2
udc
_c
BK
999
_c
2833
_d
2833